Environment, agroforestry & livestock management / (Record no. 480034)

000 -LEADER
fixed length control field 01516cam a22004214a 4500
001 - CONTROL NUMBER
control field 15236439
003 - CONTROL NUMBER IDENTIFIER
control field ASAB
005 - DATE AND TIME OF LATEST TRANSACTION
control field 20180827062622.0
008 - FIXED-LENGTH DATA ELEMENTS--GENERAL INFORMATION
fixed length control field 080305s2008 ii a b 011 0 eng
010 ## - LIBRARY OF CONGRESS CONTROL NUMBER
LC control number 2008348295
020 ## - INTERNATIONAL STANDARD BOOK NUMBER
International Standard Book Number 81-8189-227-5
020 ## - INTERNATIONAL STANDARD BOOK NUMBER
International Standard Book Number 8181892275
025 ## - OVERSEAS ACQUISITION NUMBER
Overseas acquisition number I-E-2008-348295; 49-91
035 ## - SYSTEM CONTROL NUMBER
System control number (IN-NdUBS)UBS08000638
037 ## - SOURCE OF ACQUISITION
Source of stock number/acquisition Library of Congress -- New Delhi Overseas Office
Terms of availability Rs1750.00
040 ## - CATALOGING SOURCE
Original cataloging agency DLC
Transcribing agency ASAB
Modifying agency DLC
042 ## - AUTHENTICATION CODE
Authentication code lcode
043 ## - GEOGRAPHIC AREA CODE
Geographic area code a-ii---
050 00 - LIBRARY OF CONGRESS CALL NUMBER
Classification number S494.5.A45
Item number E56 2008
245 00 - TITLE STATEMENT
Title Environment, agroforestry & livestock management /
Statement of responsibility, etc. editors, S.S. Kundu ... [et al.].
246 3# - VARYING FORM OF TITLE
Title proper/short title Environment, agroforestry, and livestock management
250 ## - EDITION STATEMENT
Edition statement 1st ed.
260 ## - PUBLICATION, DISTRIBUTION, ETC.
Place of publication, distribution, etc. Lucknow :
Name of publisher, distributor, etc. International Book Distributing Co.,
Date of publication, distribution, etc. 2008.
300 ## - PHYSICAL DESCRIPTION
Extent xxiii, 700 p. :
Other physical details ill. (some col.) ;
Dimensions 25 cm.
500 ## - GENERAL NOTE
General note Felicitation volume in honor of P.S. Pathak.
504 ## - BIBLIOGRAPHY, ETC. NOTE
Bibliography, etc. note Includes bibliographical references and index.
520 ## - SUMMARY, ETC.
Summary, etc. Contributed articles with reference to India.
650 #0 - SUBJECT ADDED ENTRY--TOPICAL TERM
Topical term or geographic name entry element Agroforestry
Geographic subdivision India.
9 (RLIN) 1620
650 #0 - SUBJECT ADDED ENTRY--TOPICAL TERM
Topical term or geographic name entry element Range management
Geographic subdivision India.
9 (RLIN) 1621
650 #0 - SUBJECT ADDED ENTRY--TOPICAL TERM
Topical term or geographic name entry element Livestock
Geographic subdivision India.
9 (RLIN) 1622
650 #0 - SUBJECT ADDED ENTRY--TOPICAL TERM
Topical term or geographic name entry element Natural resources
Geographic subdivision India
General subdivision Management.
9 (RLIN) 1623
700 1# - ADDED ENTRY--PERSONAL NAME
Personal name Kundu, S. S.
9 (RLIN) 1624
700 1# - ADDED ENTRY--PERSONAL NAME
Personal name Pathak, P. S.
9 (RLIN) 1625
856 41 - ELECTRONIC LOCATION AND ACCESS
Materials specified Table of contents only
Uniform Resource Identifier <a href="http://www.loc.gov/catdir/toc/fy0905/2008348295.html">http://www.loc.gov/catdir/toc/fy0905/2008348295.html</a>
906 ## - LOCAL DATA ELEMENT F, LDF (RLIN)
a 7
b cbc
c origode
d 3
e ncip
f 20
g y-gencatlg
942 ## - ADDED ENTRY ELEMENTS (KOHA)
Source of classification or shelving scheme
Koha item type Book
Holdings
Withdrawn status Lost status Source of classification or shelving scheme Damaged status Not for loan Collection code Permanent Location Current Location Date acquired Total Checkouts Full call number Barcode Date last seen Price effective from Koha item type
            Atta-ur-Rahman School of Applied Biosciences (ASAB) Atta-ur-Rahman School of Applied Biosciences (ASAB) 03/15/2016   628 KUN ASAB1755 03/15/2016 03/15/2016 Book
© 2023 Central Library, National University of Sciences and Technology. All Rights Reserved.